O experimento de avelar: romance /
Guardado en:
| Autor principal: | |
|---|---|
| Formato: | Desconocido |
| Lenguaje: | Spanish |
| Publicado: |
Río de Janeiro, Brazil:
Relume Dumará,
1997
|
| Materias: | |
| Etiquetas: |
Agregar Etiqueta
Sin Etiquetas, Sea el primero en etiquetar este registro!
|
MARC
| LEADER | 000000000a22000000004500 | ||
|---|---|---|---|
| 001 | 001169 | ||
| 008 | 170623s1997 bl ||||| |||| 00| f spa d | ||
| 020 | |a 857316140X | ||
| 041 | 0 | |a Portugués | |
| 082 | |a Br869.3 |b S676e | ||
| 100 | 1 | |a Soares, Luis Eduardo | |
| 245 | 1 | 2 | |a O experimento de avelar: |b romance / |c Luis Eduardo Soares |
| 260 | |a Río de Janeiro, Brazil: |b Relume Dumará, |c 1997 | ||
| 300 | |a 158 páginas | ||
| 500 | |a Número de inscripción 8620 | ||
| 650 | 4 | |a LITERATURA BRASILEÑA |v NOVELA | |
| 942 | |2 ddc |c BK | ||
| 999 | |c 2252 |d 2252 | ||



